000 03097cam a2200325 a 4500
003 EG-GiCUC
005 20250223031235.0
008 150602s2015 ua f m 000 0 ara d
040 _aEG-GiCUC
_bara
_cEG-GiCUC
041 0 _aara
049 _aايداع
097 _aماجستير
099 _aCai01.05.01.M.Sc.2015.طه.أ
100 0 _aطه الحافظ أحمد سيدى
245 1 0 _aأثر المسئولية الاجتماعية للشركات على رأس مالها الفكرى الأخضر :
_bدراسة ميدانية /
_cطه الحافظ أحمد سيدى ؛ إشراف نفيسة محمد باشرى
246 1 5 _aThe effect of corporate social responsibility on its green intellectual capital :
_bField study
260 _aالقاهرة :
_bطه الحافظ أحمد سيدى :
_c2015
300 _a139 ورقة ؛
_c30سم
502 _aاطروحة (ماجستير) - جامعة القاهرة - كلية التجارة - قسم إدارة الأعمال
520 _a{uFE98}{uFEEC}دف {uئإإآ}ذ{uئإإ٩} الدار{uئإآ٤}{uئإ٩٤} إلى {uئإ٩٨}{uئإإ٨}{uئإ٨إ}ول {uئإإ٤}{uئإؤ٤}{uئإإأ}وم إدارى {uئإء٤}د{uئإئ٤}ث و{uئإإآ}و رأس المال الفكرى المتعلق {uئإ٩٢}{uئإ٨إ}{uئإئ٩}دارة البينية و الحماية البيئية فى منظمات الأعمال (رأس المال الفكرى الأخضر): و إلى تحديد الأثر الذى يلعبه اهتمام منظمات الأعمال الخدمية بنسئوليتها الاجتماعية و ما ينتج عنه من وعى بيئى لدى تلك المنظمات على رأس مالها الفكرى الأخضر: كما تهدف الدراسة أيضا إلى إبراز دور المسئولية الاجتماعية فى تحسين الأداء البيئى لمنظمات الأعمال. و تم إجراء الدراسة الميدانية على عينة من العاملين ببنوك القطاع العام التجارية المصرية فى القاهرة الكبرى - جمهورية مصر العربية: و بلغ خجم العينة ٣٨٥ مفردة من العاملين بالمستويات الإدارية العليا و الوسطى و الإشراقية: و بمعدل استجابة بلغ ٧٨.٩{u٠٦٦ء} (٣٠٤) مفردة: و قد نم جمع البيانات من خلال أسلوب قائمة الاستقصاء: و تم اختبار فروض الدراسة من خلال الأساليب الإحصائية التالية: مصفوفة ارتباط بيرسون: أسلوب تحليل الانحدار الخطى البسيط و المتعدد و أسلوب تحليل المسار
530 _aصدر ايضا كقرص مدمج
653 4 _aإدارة الأعمال
653 4 _aالمسئولية الإإجتماعية
653 4 _aرأس المال
700 0 _aنفيسة محمد باشرى :
_eمشرف
856 _uhttp://172.23.153.220/th.pdf
905 _aNazla
_eRevisor
905 _aSamia
_eCataloger
942 _2ddc
_cTH
999 _c51172
_d51172